| 000 | 00674nam a2200193 a 4500 | ||
|---|---|---|---|
| 005 | 20210223122931.0 | ||
| 008 | 991125s1995 vil 000 0 spa u | ||
| 035 | _aUPN01000044401 | ||
| 049 | _aCG | ||
| 050 | 4 |
_aKGC27 _bV4.6 |
|
| 100 | 1 | _aVélez Somarriba, Aníbal | |
| 245 | 1 | 0 |
_aPersonas, bienes y derechos reales (sentencias del Lic. Eduardo Alday Hernández) / _cAníbal Vélez Somarriba. |
| 260 |
_aVillahermosa : _bUJAT, _c1995. |
||
| 300 | _a190 p. | ||
| 502 | _a"Tesis del Tribunal Colegiado del décimo circuito (Antología)" | ||
| 650 | 4 |
_aDERECHO - _xESTUDIO Y ENSEÑANZA _913275 |
|
| 710 | 2 |
_aUniversidad Juárez Autónoma de Tabasco _931564 |
|
| 905 | _aLibro | ||
| 999 |
_c44401 _d44401 |
||